| 000 | 00517nam a2200193Ia 4500 | ||
|---|---|---|---|
| 008 | 180207s9999 xx 000 0 und d | ||
| 020 | _a9780439691540 | ||
| 050 | _bL479 2005 | ||
| 100 | _aLee, Quinlan B. | ||
| 245 | _aI see Barney! / | ||
| 245 | _cby Quinlan B. Lee ; illustrated by Darren McKee. | ||
| 260 | _aNew York : | ||
| 260 | _bScholastic, | ||
| 260 | _c2005 | ||
| 300 | _aunpaged : | ||
| 300 | _bcolor illustration ; | ||
| 300 | _c17cm. | ||
| 440 | _aBarney a helping hand for growing children. | ||
| 999 |
_c355683 _d355683 |
||